000 00474nam a2200145Ia 4500
003 OSt
005 20260130105702.0
008 211028s2018 xx 000 0 und d
040 _cAIMIT LIBRARY
041 _aeng
100 _aGonsalves, Rojitha; Pereira, Divya.
_g1616168
_97921
245 _aStudy on effectiveness of training and development programs adopted by JSW steel ltd Vijayanagar works Bellary /
260 _aMangalore
_bDivya Pereira.
_c2018
942 _2ddc
_cPRO
999 _c219489
_d219489